| 000 | 00635nam a22001817a 4500 | ||
|---|---|---|---|
| 999 |
_c16434 _d16434 |
||
| 008 | 160116b xxu||||| |||| 00| 0 eng d | ||
| 020 | _a978-971-9667-09-4 | ||
| 082 |
_22019 _aDFil 808.066363 _bD350 |
||
| 100 |
_aDe Belen, Rustico, author _943916 |
||
| 245 |
_aBusiness and technical writing/ _cRustico T. De Belen, Reiner V. De Belen |
||
| 260 |
_aPhilippines: _bJobal Publishing House, _c[2019]. |
||
| 300 |
_avi, 158 pages; _c23 cm. |
||
| 500 | _aIncludes bibliographical references. | ||
| 650 | 0 |
_aTechnical writing _943917 |
|
| 650 | 0 |
_aReport writing _943918 |
|
| 700 |
_aDe Belen, Reiner V., author _943919 |
||
| 942 |
_2ddc _cDFIL |
||